[Event "Asker Host A"]
[Site "Asker"]
[Date "2015.12.14"]
[Round "8"]
[White "Nydal, Roar"]
[Black "Tveit, Geir"]
[Result "0-1"]
[WhiteElo "1601"]
[BlackElo "1705"]
[PlyCount "90"]
[EventDate "2015.09.21"]
[EventType "swiss"]
[EventRounds "9"]
[EventCountry "NOR"]
[SourceTitle "EXT 2023"]
[Source "ChessBase"]
[SourceDate "2022.10.05"]
[SourceVersion "1"]
[SourceVersionDate "2022.10.05"]
[SourceQuality "1"]

1. d4 d5 2. g3 Bf5 3. Bg2 e6 4. c4 Nf6 5. Nc3 Nc6 6. Bg5 Bb4 7. cxd5 exd5 8. Nf3 h6 9. Bxf6 Qxf6 10. 0-0 Bxc3 11. bxc3 Be4 12. Qb3 Rb8 13. a4 0-0 14. a5 Rfe8 15. Ra2 a6 16. Rfa1 Qe6 17. Rb2 f6 18. Ra3 Kh8 19. Qa2 Na7 20. Rab3 Nb5 21. Qa1 Qc6 22. Qe1 Nd6 23. Nd2 b5 24. axb6 Rxb6 25. Rxb6 cxb6 26. Nxe4 Nxe4 27. Rc2 a5 28. Qc1 b5 29. Qa3 a4 30. e3 f5 31. Bxe4 fxe4 32. Qb4 Rc8 33. Rb2 Qxc3 34. Qxb5 a3 35. Ra2 Qc1+ 36. Kg2 Qd1 37. Rxa3 Qf3+ 38. Kh3 Rf8 39. Qxd5 Qxf2 40. Qh5 Qf1+ 41. Kh4 g5+ 42. Qxg5 hxg5+ 43. Kxg5 Qf3 44. Ra5 Rg8+ 45. Kh4 Qg4# 0-1

[Event "Asker Host A"]
[Site "Asker"]
[Date "2015.12.07"]
[Round "9"]
[White "Omland, Harald"]
[Black "Tveit, Geir"]
[Result "1/2-1/2"]
[WhiteElo "1579"]
[BlackElo "1705"]
[PlyCount "94"]
[EventDate "2015.09.21"]
[EventType "swiss"]
[EventRounds "9"]
[EventCountry "NOR"]
[SourceTitle "EXT 2023"]
[Source "ChessBase"]
[SourceDate "2022.10.05"]
[SourceVersion "1"]
[SourceVersionDate "2022.10.05"]
[SourceQuality "1"]

1. f4 d5 2. Nf3 Nf6 3. e3 e6 4. Be2 c5 5. 0-0 Nc6 6. b3 Be7 7. Bb2 a6 8. a4 0-0 9. Na3 Re8 10. Qe1 Ne4 11. d3 Bf6 12. Ne5 Nd6 13. Qf2 Qe7 14. Nxc6 bxc6 15. Bxf6 Qxf6 16. e4 Qd4 17. Qxd4 cxd4 18. e5 Nf5 19. a5 Bd7 20. b4 Reb8 21. Rfb1 Ra7 22. Rb3 Rab7 23. Rab1 g6 24. g4 Ne7 25. h4 Nc8 26. g5 Na7 27. Bf3 Rc7 28. Kf2 Nb5 29. Nxb5 cxb5 30. R3b2 Rbc8 31. Rc1 Rc3 32. Ke2 Kg7 33. Kd2 Kf8 34. h5 Kg7 35. Rh1 Rh8 36. h6+ Kf8 37. Rb3 Rc6 38. c3 dxc3+ 39. Rxc3 Rxc3 40. Kxc3 Ke7 41. Rc1 Rc8+ 42. Kd2 Rxc1 43. Kxc1 Kd8 44. Kc2 Kc7 45. Kc3 Bc6 46. Kd4 Bd7 47. Kc5 Bc6 1/2-1/2

[Event "Asker Host A"]
[Site "Asker"]
[Date "2015.11.09"]
[Round "7"]
[White "Tveit, Geir"]
[Black "Heggelund, Audun"]
[Result "0-1"]
[WhiteElo "1705"]
[BlackElo "1565"]
[PlyCount "82"]
[EventDate "2015.09.21"]
[EventType "swiss"]
[EventRounds "9"]
[EventCountry "NOR"]
[SourceTitle "EXT 2023"]
[Source "ChessBase"]
[SourceDate "2022.10.05"]
[SourceVersion "1"]
[SourceVersionDate "2022.10.05"]
[SourceQuality "1"]

1. d4 f5 2. Nf3 Nf6 3. Bf4 e6 4. e3 Be7 5. Bd3 0-0 6. c4 c6 7. Nbd2 d5 8. Ne5 Nbd7 9. Ndf3 Qa5+ 10. Nd2 Ne4 11. f3 Nxd2 12. Qxd2 Bb4 13. Qxb4 Qxb4+ 14. Kf2 Nxe5 15. Bxe5 dxc4 16. Be2 b5 17. Rab1 Rd8 18. a3 Qe7 19. f4 Bb7 20. h4 c5 21. Rh2 cxd4 22. exd4 Be4 23. Rg1 Rd5 24. g4 Rxe5 25. fxe5 fxg4 26. Rxg4 Rf8+ 27. Ke3 Bf5 28. Rg5 a6 29. Rhg2 h6 30. R5g3 Qc7 31. Bf3 Rf7 32. Bh5 Re7 33. Kd2 a5 34. Bg6 Bxg6 35. Rxg6 Qb7 36. R2g4 Kh7 37. h5 Qf3 38. Rg3 Qxh5 39. R6g4 Qf7 40. Rg2 Qf8 41. R4g3 Rf7 0-1

[Event "Asker Host A"]
[Site "Asker"]
[Date "2015.10.19"]
[Round "5"]
[White "Tveit, Geir"]
[Black "Utseth, Mikhail"]
[Result "1-0"]
[WhiteElo "1705"]
[BlackElo "1657"]
[PlyCount "119"]
[EventDate "2015.09.21"]
[EventType "swiss"]
[EventRounds "9"]
[EventCountry "NOR"]
[SourceTitle "EXT 2023"]
[Source "ChessBase"]
[SourceDate "2022.10.05"]
[SourceVersion "1"]
[SourceVersionDate "2022.10.05"]
[SourceQuality "1"]

1. d4 e6 2. Nf3 Nf6 3. Bg5 h6 4. Bh4 d5 5. e3 Be7 6. c4 c6 7. Nbd2 Nbd7 8. a3 0-0 9. Bd3 dxc4 10. Nxc4 Nd5 11. Bg3 f5 12. Nce5 f4 13. Ng6 fxg3 14. Nxe7+ Qxe7 15. hxg3 e5 16. Nh4 Qf6 17. 0-0 exd4 18. exd4 Qg5 19. Bc2 N7f6 20. Qd3 b5 21. Nf3 Qh5 22. Ne5 Bb7 23. Rae1 a5 24. Nd7 Rfd8 25. Re5 Qg4 26. Nc5 Bc8 27. Bd1 Nf4 28. Qb3+ N4d5 29. Bxg4 Nxg4 30. Re2 Bf5 31. f3 a4 32. Qa2 Ngf6 33. Rfe1 Bg6 34. Ne6 Rd6 35. Nc7 Rc8 36. Nxd5 Rxd5 37. b4 axb3 38. Qxb3 Kh7 39. Qc3 Nh5 40. Kf2 Rg5 41. Re5 Rxe5 42. dxe5 Rd8 43. Qe3 Rd3 44. Qc1 Rb3 45. g4 Rb1 46. Qe3 Rb2+ 47. Re2 Rxe2+ 48. Kxe2 Ng3+ 49. Kf2 Nh1+ 50. Kg1 Ng3 51. Qf2 Nf5 52. gxf5 Bxf5 53. g4 Be6 54. Qc2+ Kg8 55. Qxc6 Bc4 56. e6 Kf8 57. a4 Ke7 58. axb5 Bxe6 59. b6 Bd7 60. Qc7 1-0

[Event "Asker CC-ch"]
[Site "Asker"]
[Date "2015.04.27"]
[Round "8"]
[White "Tveit, Geir"]
[Black "Lindblom, Roar"]
[Result "0-1"]
[WhiteElo "1774"]
[BlackElo "1827"]
[PlyCount "44"]
[EventDate "2015.01.12"]
[EventType "tourn"]
[EventRounds "9"]
[EventCountry "NOR"]
[SourceTitle "EXT 2018"]
[Source "ChessBase"]
[SourceDate "2017.10.13"]
[SourceVersion "1"]
[SourceVersionDate "2017.10.13"]
[SourceQuality "1"]

1. d4 d5 2. Bf4 Nf6 3. e3 c5 4. c3 Nc6 5. Nd2 Qb6 6. Qb3 c4 7. Qxb6 axb6 8. Ngf3 Nh5 9. Bg3 Nxg3 10. hxg3 h6 11. Be2 Bf5 12. Nh4 Bh7 13. g4 b5 14. b4 Ra3 15. 0-0 e6 16. Rfc1 Bd6 17. f4 g5 18. fxg5 hxg5 19. Nhf3 f6 20. Ne1 Kd7 21. Nc2 Rxc3 22. Ne1 Bxb4 0-1

[Event "Asker CC-ch"]
[Site "Asker"]
[Date "2015.03.23"]
[Round "6"]
[White "Odegaard, Per"]
[Black "Tveit, Geir"]
[Result "1-0"]
[WhiteElo "1958"]
[BlackElo "1774"]
[PlyCount "101"]
[EventDate "2015.01.12"]
[EventType "tourn"]
[EventRounds "9"]
[EventCountry "NOR"]
[SourceTitle "EXT 2018"]
[Source "ChessBase"]
[SourceDate "2017.10.13"]
[SourceVersion "1"]
[SourceVersionDate "2017.10.13"]
[SourceQuality "1"]

1. e4 d5 2. exd5 Qxd5 3. Nc3 Qd6 4. d4 Nf6 5. Bc4 c6 6. Nge2 Bf5 7. Ng3 Bg6 8. f4 e6 9. Qe2 Be7 10. 0-0 0-0 11. Be3 Nbd7 12. Rad1 Nb6 13. Bb3 Nbd5 14. Bc1 Rfe8 15. Kh1 Rac8 16. Nce4 Qc7 17. Ng5 Bd6 18. Qf3 Ne7 19. Nxe6 fxe6 20. Bxe6+ Kh8 21. f5 Bxg3 22. fxg6 Bxh2 23. Qh3 Nxg6 24. Bxc8 Rxc8 25. Qxh2 Qd7 26. Qh3 Qc7 27. Rde1 Rd8 28. Qe6 Qb8 29. Rxf6 gxf6 30. Qxf6+ Kg8 31. Bh6 Qc7 32. Rf1 Qe7 33. Qxe7 Nxe7 34. Bg5 Re8 35. Re1 Kf7 36. Rxe7+ Rxe7 37. Bxe7 Kxe7 38. g4 Kf6 39. Kg2 b5 40. Kg3 Kg5 41. Kf3 a5 42. a4 b4 43. c4 bxc3 44. bxc3 Kf6 45. c4 Ke6 46. Ke4 h6 47. Kf4 Kf6 48. d5 cxd5 49. cxd5 Ke7 50. Kf5 Kd7 51. d6 1-0

[Event "Asker CC-ch"]
[Site "Asker"]
[Date "2015.03.09"]
[Round "5"]
[White "Tveit, Geir"]
[Black "Aulin Jansson, Joran"]
[Result "0-1"]
[WhiteElo "1774"]
[BlackElo "2181"]
[PlyCount "88"]
[EventDate "2015.01.12"]
[EventType "tourn"]
[EventRounds "9"]
[EventCountry "NOR"]
[SourceTitle "EXT 2018"]
[Source "ChessBase"]
[SourceDate "2017.10.13"]
[SourceVersion "1"]
[SourceVersionDate "2017.10.13"]
[SourceQuality "1"]

1. d4 Nf6 2. Bf4 c5 3. e3 Nc6 4. Nf3 Qb6 5. Nc3 a6 6. Na4 Qa5+ 7. Nc3 Nd5 8. Qd2 Nxf4 9. exf4 e6 10. d5 Nb4 11. dxe6 dxe6 12. 0-0-0 Be7 13. a3 Nc6 14. Ne4 Qxd2+ 15. Rxd2 0-0 16. Nd6 Rd8 17. Nxc8 Raxc8 18. g3 b5 19. Bg2 b4 20. Rxd8+ Rxd8 21. a4 c4 22. Ne5 Nxe5 23. fxe5 c3 24. b3 Rd2 25. Bf1 a5 26. f4 g5 27. h4 gxf4 28. gxf4 Rf2 29. f5 Rxf5 30. h5 Rxe5 31. Bd3 h6 32. Kd1 Bg5 33. Re1 Rc5 34. Re4 Bd2 35. Be2 Rg5 36. Rg4 f5 37. Rxg5+ hxg5 38. Bc4 Kf7 39. Ke2 g4 40. Kf2 Kf6 41. Bb5 e5 42. Bd7 e4 43. Bc8 Bh6 44. Bb7 e3+ 0-1

[Event "Asker CC-ch"]
[Site "Asker"]
[Date "2015.02.09"]
[Round "3"]
[White "Tveit, Geir"]
[Black "Lilleseth, Eivind"]
[Result "0-1"]
[WhiteElo "1774"]
[BlackElo "1739"]
[PlyCount "112"]
[EventDate "2015.01.12"]
[EventType "tourn"]
[EventRounds "9"]
[EventCountry "NOR"]
[SourceTitle "EXT 2018"]
[Source "ChessBase"]
[SourceDate "2017.10.13"]
[SourceVersion "1"]
[SourceVersionDate "2017.10.13"]
[SourceQuality "1"]

1. d4 f5 2. Bf4 Nf6 3. e3 e6 4. Bd3 Be7 5. Nf3 d6 6. h3 b6 7. c3 Bb7 8. Nbd2 Ne4 9. Qc2 g5 10. Bh2 Nxd2 11. Kxd2 h5 12. Qb3 Qd7 13. Bc4 Rh6 14. Rad1 a6 15. Kc1 Nc6 16. Qc2 Na5 17. Be2 0-0-0 18. b4 Nc6 19. b5 Nb8 20. bxa6 Nxa6 21. Qb3 Re8 22. Nd2 Nb8 23. Bf3 Bc6 24. Bxc6 Qxc6 25. f3 Bf8 26. Qc4 Kd7 27. Qxc6+ Nxc6 28. Nb3 Ra8 29. Rd2 Na5 30. Nxa5 Rxa5 31. Re1 Bg7 32. e4 Rh8 33. exf5 Rxf5 34. Rde2 Re8 35. Kc2 g4 36. hxg4 hxg4 37. fxg4 Rg5 38. Re4 Rg6 39. Rf4 Bh6 40. Rf7+ Kc6 41. Bf4 Bxf4 42. Rxf4 Kd5 43. Kd3 Reg8 44. Ree4 c5 45. c4+ Kc6 46. Ke2 cxd4 47. Kf3 e5 48. Rf7 Ra8 49. Re2 Ra3+ 50. Ke4 Rxg4+ 51. Kf5 Rf4+ 52. Ke6 Rxf7 53. Kxf7 Re3 54. Rc2 d3 55. Rd2 e4 56. Ke6 Re2 0-1

[Event "Asker op"]
[Site "Asker"]
[Date "2014.12.01"]
[Round "9"]
[White "Lovberget, Erik"]
[Black "Tveit, Geir"]
[Result "0-1"]
[WhiteElo "1342"]
[BlackElo "1560"]
[PlyCount "61"]
[EventDate "2014.09.01"]
[EventType "swiss"]
[EventRounds "9"]
[EventCountry "NOR"]
[SourceTitle "EXT 2017"]
[Source "ChessBase"]
[SourceDate "2016.10.25"]
[SourceVersion "1"]
[SourceVersionDate "2016.10.25"]
[SourceQuality "1"]

1. e4 d5 2. exd5 Qxd5 3. Nc3 Qd6 4. d4 Nf6 5. Nf3 c6 6. Be2 Bg4 7. Be3 e6 8. Qd2 Be7 9. Ne5 Bxe2 10. Qxe2 Qb4 11. Qc4 Ne4 12. 0-0 Nxc3 13. Qxc3 Qxc3 14. bxc3 f6 15. Nd3 Nd7 16. Rab1 b6 17. f4 Rc8 18. Rfe1 Kf7 19. Re2 c5 20. Rbe1 Rhe8 21. Bf2 Bd6 22. Bg3 f5 23. Kh1 Nf6 24. dxc5 bxc5 25. Rb1 Rc7 26. Ree1 c4 27. Ne5+ Bxe5 28. Rxe5 Nd5 29. Be1 Nxf4 30. Ra5 Nd5 31. Bf2 0-1

[Event "Asker op"]
[Site "Asker"]
[Date "2014.10.13"]
[Round "3"]
[White "Utseth, Mikhail"]
[Black "Tveit, Geir"]
[Result "0-1"]
[WhiteElo "1503"]
[BlackElo "1560"]
[PlyCount "96"]
[EventDate "2014.09.01"]
[EventType "swiss"]
[EventRounds "9"]
[EventCountry "NOR"]
[SourceTitle "EXT 2017"]
[Source "ChessBase"]
[SourceDate "2016.10.25"]
[SourceVersion "1"]
[SourceVersionDate "2016.10.25"]
[SourceQuality "1"]

1. d4 Nf6 2. c4 e6 3. Nc3 Bb4 4. Bd2 b6 5. e3 Bb7 6. Nf3 0-0 7. Bd3 d6 8. 0-0 Nbd7 9. a3 Bxc3 10. Bxc3 Ne4 11. Qc2 Ndf6 12. Be1 c5 13. Nd2 Nxd2 14. Bxd2 cxd4 15. exd4 h6 16. Rae1 d5 17. c5 Ne4 18. Be3 bxc5 19. dxc5 Qa5 20. f3 Nf6 21. Bd2 Qc7 22. b4 e5 23. b5 Rae8 24. Bb4 e4 25. Be2 exf3 26. Bxf3 Rxe1 27. Rxe1 Bc8 28. a4 Bg4 29. Qd3 Qf4 30. c6 Qxb4 31. Rc1 Bxf3 32. gxf3 Re8 33. Kf2 Qb2+ 34. Rc2 Qe5 35. Kg2 Nh5 36. Qd2 Nf4+ 37. Kf2 Ne6 38. Kf1 Qa1+ 39. Rc1 Qxa4 40. Qxd5 Nf4 41. Qd7 Qxb5+ 42. Kf2 Nd3+ 43. Kg1 Qg5+ 44. Kf1 Qxc1+ 45. Kg2 Qd2+ 46. Kh3 Nf4+ 47. Kg4 Qxd7+ 48. cxd7 Rd8 0-1

[Event "Asker op"]
[Site "Asker"]
[Date "2014.10.06"]
[Round "4"]
[White "Tveit, Geir"]
[Black "Hole, Vegard"]
[Result "1-0"]
[WhiteElo "1560"]
[BlackElo "1345"]
[PlyCount "79"]
[EventDate "2014.09.01"]
[EventType "swiss"]
[EventRounds "9"]
[EventCountry "NOR"]
[SourceTitle "EXT 2017"]
[Source "ChessBase"]
[SourceDate "2016.10.25"]
[SourceVersion "1"]
[SourceVersionDate "2016.10.25"]
[SourceQuality "1"]

1. d4 c6 2. Bf4 d6 3. e3 Nf6 4. c3 Bf5 5. Qb3 Qb6 6. Nd2 Nbd7 7. Be2 e5 8. dxe5 dxe5 9. Bg3 Be7 10. Ngf3 e4 11. Nd4 Bg6 12. Qc2 Nc5 13. Nc4 Qd8 14. Ne5 Nh5 15. Nxg6 hxg6 16. 0-0-0 Qb6 17. b4 Nd3+ 18. Bxd3 exd3 19. Qxd3 Nxg3 20. hxg3 0-0-0 21. Qc4 Rxh1 22. Rxh1 Rf8 23. Rd1 a5 24. b5 Ba3+ 25. Kc2 Kb8 26. Qb3 Bc5 27. bxc6 Bxd4 28. Rxd4 Qxc6 29. Qd5 Qxd5 30. Rxd5 b6 31. Rd7 Kc8 32. Re7 g5 33. Kb3 g6 34. Kc4 f5 35. Re6 Kb7 36. Kb5 Rc8 37. Rxb6+ Ka7 38. c4 a4 39. Rxg6 a3 40. Ra6+ 1-0

[Event "Aslo ASKO CC-ch Group-B"]
[Site "Oslo"]
[Date "2006.05.02"]
[Round "7"]
[White "Tveit, Geir"]
[Black "Jensen, Terje"]
[Result "0-1"]
[WhiteElo "1413"]
[BlackElo "1371"]
[PlyCount "76"]
[EventDate "2006.02.07"]
[EventType "tourn"]
[EventRounds "9"]
[EventCountry "NOR"]
[SourceTitle "EXT 2008"]
[Source "ChessBase"]
[SourceDate "2007.11.25"]
[SourceVersion "1"]
[SourceVersionDate "2007.11.25"]
[SourceQuality "1"]

1. e4 c5 2. d4 cxd4 3. c3 dxc3 4. Nxc3 e6 5. Nf3 Bb4 6. Qd4 Bxc3+ 7. Qxc3 f6 8. e5 Nc6 9. exf6 Nxf6 10. Bd2 0-0 11. Bd3 d6 12. 0-0 Bd7 13. Bg5 Qe8 14. Rfe1 Qh5 15. Qd2 Ne5 16. Nxe5 dxe5 17. Bxf6 gxf6 18. Bxh7+ Qxh7 19. Re3 Bc6 20. Rh3 Qf5 21. Qh6 Kf7 22. Qe3 Rg8 23. f3 Rh8 24. Rg3 Qf4 25. Qc5 Qd4+ 26. Qxd4 exd4 27. Rd1 e5 28. f4 Rag8 29. fxe5 fxe5 30. Rf1+ Ke6 31. Rxg8 Rxg8 32. g3 e4 33. Rf4 d3 34. Kf2 Rh8 35. h4 Rg8 36. g4 Rd8 37. Ke1 e3 38. g5 d2+ 0-1

[Event "Aslo ASKO CC-ch Group-B"]
[Site "Oslo"]
[Date "2006.02.21"]
[Round "2"]
[White "Floten, Asmund"]
[Black "Tveit, Geir"]
[Result "1/2-1/2"]
[WhiteElo "1249"]
[BlackElo "1413"]
[PlyCount "55"]
[EventDate "2006.02.07"]
[EventType "tourn"]
[EventRounds "9"]
[EventCountry "NOR"]
[SourceTitle "EXT 2008"]
[Source "ChessBase"]
[SourceDate "2007.11.25"]
[SourceVersion "1"]
[SourceVersionDate "2007.11.25"]
[SourceQuality "1"]

1. d4 d5 2. c4 e6 3. Nc3 Nf6 4. Nf3 Nbd7 5. Bg5 c6 6. e3 Qa5 7. Be2 Ne4 8. 0-0 Nxg5 9. Nxg5 dxc4 10. f4 Bb4 11. Bxc4 Bxc3 12. bxc3 Qxc3 13. Bxe6 0-0 14. Bxf7+ Rxf7 15. Nxf7 Kxf7 16. Qh5+ Kg8 17. Qe8+ Nf8 18. f5 Qc4 19. f6 Qf7 20. Qd8 b6 21. fxg7 Qxg7 22. Rf3 Bg4 23. Qxa8 Bxf3 24. g3 Qg5 25. Qe8 Qb5 26. Rf1 Qe2 27. Rf2 Qe1+ 28. Rf1 1/2-1/2

[Event "Oslo ASKO Hostturnering"]
[Site "Oslo"]
[Date "2005.11.07"]
[Round "5"]
[White "Tveit, Geir"]
[Black "Zachariassen, Bjarne"]
[Result "0-1"]
[WhiteElo "1402"]
[BlackElo "1822"]
[PlyCount "78"]
[EventDate "2005.09.06"]
[EventType "swiss"]
[EventRounds "7"]
[EventCountry "NOR"]
[SourceTitle "EXT 2009"]
[Source "ChessBase"]
[SourceDate "2008.11.26"]
[SourceVersion "1"]
[SourceVersionDate "2008.11.26"]
[SourceQuality "1"]

1. e4 c5 2. Nf3 Nc6 3. Bb5 Qb6 4. Nc3 e6 5. Bxc6 dxc6 6. 0-0 Nf6 7. Re1 Be7 8. d3 Qc7 9. Bg5 e5 10. Ne2 Be6 11. Nd2 h6 12. Bxf6 Bxf6 13. b3 0-0 14. Rf1 Rad8 15. Ng3 b5 16. Qf3 Bg5 17. Rad1 Qd7 18. Nf5 g6 19. Ne3 f5 20. exf5 gxf5 21. Qh5 f4 22. Qg6+ Kh8 23. h4 fxe3 24. hxg5 e2 25. Qxh6+ Qh7 26. Qxe6 Qf5 27. Qh6+ Kg8 28. Ne4 exd1Q 29. Rxd1 c4 30. f3 c5 31. Nxc5 Rf7 32. Ne4 Rg7 33. Kf2 Rg6 34. Nf6+ Qxf6 35. gxf6 Rxh6 36. Re1 cxd3 37. cxd3 Rd5 38. d4 exd4 39. Re7 Rxf6 0-1

[Event "Oslo-ch"]
[Site "Oslo"]
[Date "2004.04.15"]
[Round "7"]
[White "Tveit, Geir"]
[Black "Fjellheim, Marius"]
[Result "1/2-1/2"]
[WhiteElo "1404"]
[BlackElo "1224"]
[PlyCount "139"]
[EventDate "2004.02.10"]
[EventType "swiss"]
[EventRounds "9"]
[EventCountry "NOR"]
[SourceTitle "EXT 2007"]
[Source "ChessBase"]
[SourceDate "2006.11.23"]
[SourceVersion "1"]
[SourceVersionDate "2006.11.23"]
[SourceQuality "1"]

1. e4 e6 2. Nf3 d5 3. e5 c5 4. b4 b6 5. bxc5 bxc5 6. c3 Nc6 7. d4 cxd4 8. cxd4 Bd7 9. Bd3 Nge7 10. 0-0 Nf5 11. Bxf5 exf5 12. Nc3 Be6 13. Qa4 Rc8 14. Ba3 Qa5 15. Qxa5 Nxa5 16. Bxf8 Rxf8 17. Nb5 Kd7 18. Nxa7 Rb8 19. Rab1 Nc4 20. Rb5 Na3 21. Ra5 Nc4 22. Rb5 Na3 23. Rc5 Rb2 24. Rfc1 Nc4 25. Rb5 Rb8 26. Rxb8 Rxb8 27. a4 Ra8 28. Nb5 Rxa4 29. h3 Kc6 30. Rb1 Na3 31. Nxa3 Rxa3 32. Kf1 f4 33. Ke1 Bxh3 34. Rc1+ Kd7 35. Kf1 Bf5 36. Ng5 Rd3 37. Nf3 h6 38. Ke2 Rb3 39. Rd1 Rb2+ 40. Rd2 Rxd2+ 41. Nxd2 Ke6 42. Nb3 Bc2 43. Nc5+ Kf5 44. Kd2 Bb1 45. f3 g5 46. Na4 Ba2 47. Nb6 h5 48. Nd7 g4 49. Nf6 gxf3 50. gxf3 h4 51. Ke2 Bc4+ 52. Kf2 h3 53. Ng4 Kg5 54. Kg1 Kh4 55. Kf2 Bd3 56. Nh2 Bf5 57. Nf1 Bd3 58. Nh2 Kg5 59. Ke1 Kf5 60. Kd2 Bb5 61. Kc3 Ke6 62. Kb3 Kd7 63. Kc3 Kc6 64. Kb3 Kb6 65. Kc3 Ba4 66. Kb4 Bc2 67. Kc3 Bd1 68. Kd3 Kb5 69. Kd2 Ba4 70. Kc3 1/2-1/2

[Event "IECG CP.2002.Q.00022 email"]
[Site "IECG email"]
[Date "2003.10.01"]
[Round "?"]
[White "Tveit, Geir"]
[Black "Birzer, Lothar"]
[Result "0-1"]
[WhiteElo "1976"]
[BlackElo "2061"]
[PlyCount "104"]
[EventDate "2003.10.01"]
[EventType "tourn (corr)"]
[EventRounds "10"]
[SourceTitle "Corr 2008"]
[Source "ChessBase"]
[SourceDate "2008.06.24"]
[SourceVersion "1"]
[SourceVersionDate "2008.06.24"]
[SourceQuality "1"]

1. e4 e5 2. Nf3 Nf6 3. Nxe5 d6 4. Nf3 Nxe4 5. d4 d5 6. Bd3 Bd6 7. 0-0 0-0 8. c4 Bg4 9. c5 Be7 10. Nc3 Nxc3 11. bxc3 b6 12. h3 Bh5 13. Re1 bxc5 14. Re5 Bg6 15. Bxg6 hxg6 16. dxc5 c6 17. Re2 Na6 18. Ne5 Rc8 19. Nd3 Nxc5 20. Rxe7 Nxd3 21. Rxa7 Qb6 22. Be3 d4 23. Qxd3 Qxa7 24. Qxd4 Qxd4 25. cxd4 Ra8 26. Rc1 Rfc8 27. Rc2 Kf8 28. Kf1 Ke7 29. Ke2 Ra4 30. Kd2 Kd6 31. Kc1 Rca8 32. Kb1 f6 33. h4 R8a5 34. Rb2 Kd5 35. Ka1 Rb5 36. Rc2 Rab4 37. a3 Rc4 38. Rxc4 Kxc4 39. Ka2 Rb8 40. g3 Ra8 41. Kb2 Kd3 42. Kb3 Rb8+ 43. Ka2 Kc3 44. a4 Kb4 45. Kb2 Ra8 46. a5 Kc4 47. a6 Rxa6 48. Kc1 Ra2 49. Kb1 Re2 50. Kc1 Kc3 51. Kd1 Rxe3 52. fxe3 Kd3 0-1

[Event "IECG CP.2003.P.00013 email"]
[Site "IECG email"]
[Date "2003.10.01"]
[Round "?"]
[White "Tveit, Geir"]
[Black "Dietz, Greg"]
[Result "1-0"]
[WhiteElo "1976"]
[BlackElo "1125"]
[PlyCount "24"]
[EventDate "2003.10.01"]
[EventType "tourn (corr)"]
[EventRounds "6"]
[EventCountry "ISR"]
[SourceTitle "Corr 2008"]
[Source "ChessBase"]
[SourceDate "2008.06.24"]
[SourceVersion "1"]
[SourceVersionDate "2008.06.24"]
[SourceQuality "1"]

1. e4 e6 2. d4 d5 3. Nc3 Bb4 4. e5 Ne7 5. a3 Bxc3+ 6. bxc3 c5 7. Qg4 Ng6 8. h4 h5 9. Qg3 Nc6 10. Bd3 Nce7 11. Ne2 Qa5 12. 0-0 Bd7 1-0

[Event "IECG CP.2002.Q.00022 email"]
[Site "IECG email"]
[Date "2003.10.01"]
[Round "?"]
[White "Tveit, Geir"]
[Black "Tavani, Alberto"]
[Result "1/2-1/2"]
[WhiteElo "1976"]
[BlackElo "1826"]
[PlyCount "74"]
[EventDate "2003.10.01"]
[EventType "tourn (corr)"]
[EventRounds "10"]
[SourceTitle "Corr 2008"]
[Source "ChessBase"]
[SourceDate "2008.06.24"]
[SourceVersion "1"]
[SourceVersionDate "2008.06.24"]
[SourceQuality "1"]

1. e4 e5 2. Nf3 Nc6 3. d4 exd4 4. Nxd4 Nf6 5. Nxc6 bxc6 6. e5 Ne4 7. Qf3 Ng5 8. Qg3 Ne6 9. Bd3 d5 10. 0-0 Bc5 11. Nd2 Qg5 12. Qxg5 Nxg5 13. Nb3 Ne6 14. Nxc5 Nxc5 15. Be3 Nxd3 16. cxd3 Bf5 17. d4 Kd7 18. h3 h5 19. Rac1 a5 20. Rc3 Rhb8 21. b3 a4 22. Rfc1 axb3 23. axb3 Rb6 24. Kh2 Ra3 25. Kg3 Raxb3 26. Kf4 Be4 27. g4 hxg4 28. hxg4 Rxc3 29. Rxc3 Rb4 30. f3 Bh7 31. Kg5 Rc4 32. Rxc4 dxc4 33. Bd2 Ke6 34. Bc3 Kd5 35. Kf4 Bc2 36. g5 g6 37. Ke3 c5 1/2-1/2

[Event "Sandefjord op"]
[Site "Sandefjord"]
[Date "2002.10.13"]
[Round "5"]
[White "Edvardsen, Oystein"]
[Black "Tveit, Geir"]
[Result "1-0"]
[WhiteElo "1447"]
[BlackElo "1393"]
[PlyCount "75"]
[EventDate "2002.10.??"]
[EventType "swiss"]
[EventRounds "5"]
[EventCountry "NOR"]
[SourceTitle "EXT 2005"]
[Source "ChessBase"]
[SourceDate "2004.11.15"]
[SourceVersion "1"]
[SourceVersionDate "2004.11.15"]
[SourceQuality "1"]

1. c4 e5 2. Nc3 Bb4 3. a3 Bxc3 4. bxc3 d6 5. g3 Be6 6. Qb3 Qc8 7. d4 Nd7 8. e4 Ngf6 9. d5 Nc5 10. Qc2 Bd7 11. Bg2 Ba4 12. Qe2 b6 13. f3 Qa6 14. Bf1 Nb3 15. Rb1 Nd7 16. f4 Qa5 17. Bb2 Nd4 18. Qd2 Nc2+ 19. Kf2 Qc5+ 20. Kf3 Nxa3 21. Bxa3 Qxa3 22. Ne2 Qc5 23. Nc1 Nf6 24. fxe5 dxe5 25. Qg5 Bc2 26. Nd3 Qxc4 27. Qxe5+ Kf8 28. Rb4 Bd1+ 29. Kf4 g5+ 30. Kxg5 Nxe4+ 31. Qxe4 Rg8+ 32. Kf5 Bg4+ 33. Kf4 Qa2 34. Rb2 Qa5 35. Qb4+ Qxb4+ 36. Rxb4 a5 37. Rb2 Rc8 38. Ne5 1-0

[Event "IECG CP.2002.P.00009 email"]
[Site "IECG email"]
[Date "2002.10.01"]
[Round "?"]
[White "Tveit, Geir"]
[Black "Gordon, Tom"]
[Result "1-0"]
[WhiteElo "1980"]
[BlackElo "1000"]
[PlyCount "113"]
[EventDate "2002.10.01"]
[EventType "tourn (corr)"]
[EventRounds "6"]
[EventCountry "NOR"]
[SourceTitle "Corr 2008"]
[Source "ChessBase"]
[SourceDate "2008.06.24"]
[SourceVersion "1"]
[SourceVersionDate "2008.06.24"]
[SourceQuality "1"]

1. d4 Nf6 2. Nf3 e5 3. dxe5 Ne4 4. Nbd2 Nxd2 5. Qxd2 d5 6. e4 dxe4 7. Qxd8+ Kxd8 8. Ng5 Ke7 9. Bc4 h6 10. Nxf7 Rh7 11. Be3 Nc6 12. Bc5+ Ke8 13. Bxf8 Kxf8 14. Bd5 g5 15. Bxc6 bxc6 16. Nd8 Bd7 17. Nb7 Re8 18. Nc5 Rxe5 19. b4 Rhe7 20. 0-0-0 Bg4 21. Rd4 Rd5 22. c3 Rxd4 23. cxd4 e3 24. f3 Bf5 25. Kd1 Bb1 26. a3 Ba2 27. Re1 Bd5 28. Nd3 g4 29. Ne5 gxf3 30. gxf3 Rg7 31. Rxe3 Rg1+ 32. Kd2 Rg2+ 33. Re2 Rg1 34. h4 Rh1 35. Ke3 Ra1 36. Kf4 Rxa3 37. Kf5 Bf7 38. Nd7+ Kg7 39. Rg2+ Kh8 40. Ne5 Be8 41. Ke6 Bh5 42. f4 Rb3 43. f5 Rxb4 44. f6 Rxd4 45. f7 Bxf7+ 46. Kxf7 Rf4+ 47. Kg6 c5 48. h5 Re4 49. Rd2 Rd4 50. Nf7+ Kg8 51. Nxh6+ Kf8 52. Rxd4 cxd4 53. Nf5 d3 54. h6 Kg8 55. h7+ Kh8 56. Nh6 d2 57. Nf7# 1-0